EAST AFRICAN COMMUNITY LAW: INSTITUTIONAL, SUBSTANTIVE AND COMPARATIVE EU ASPECTS (Record no. 216497)

MARC details
000 -LEADER
fixed length control field 00768nam a22001817a 4500
008 - FIXED-LENGTH DATA ELEMENTS--GENERAL INFORMATION
fixed length control field 260128b |||||||| |||| 00| 0 eng d
020 ## - INTERNATIONAL STANDARD BOOK NUMBER
International Standard Book Number 978-9-0043-2206-6
050 ## - LIBRARY OF CONGRESS CALL NUMBER
Classification number KQC 117 .E27 2017
100 ## - MAIN ENTRY--PERSONAL NAME
Personal name UGIRASHEBUJA, EMMANUEL
245 ## - TITLE STATEMENT
Title EAST AFRICAN COMMUNITY LAW: INSTITUTIONAL, SUBSTANTIVE AND COMPARATIVE EU ASPECTS
260 ## - PUBLICATION, DISTRIBUTION, ETC.
Place of publication, distribution, etc. Leiden
Name of publisher, distributor, etc. Brill Nijhoff
Date of publication, distribution, etc. 2017
300 ## - PHYSICAL DESCRIPTION
Extent XIV,539P.
500 ## - GENERAL NOTE
General note INCLUDES BIBLIOGRAPHIC REFERENCES AND INDEX
650 ## - SUBJECT ADDED ENTRY
Topical term or geographic name entry element 1. Comparative law International and municipal law 2. East African Community Law. 3. International unification Law. 4. East African Community Law. 5.European Union countries
700 ## - ADDED ENTRY--PERSONAL NAME
Personal name 1. RUHANGISA, JOHN EUDES 2. OTTERVANGER, TOM 3. CUYVERS, ARMIN
942 ## - ADDED ENTRY ELEMENTS (KOHA)
Source of classification or shelving scheme Library of Congress Classification
Koha item type Long Loan Book
Holdings
Withdrawn status Lost status Source of classification or shelving scheme Damaged status Not for loan Collection Home library Current library Shelving location Date acquired Inventory number Total checkouts Full call number Barcode Date last seen Copy number Price effective from Koha item type
    Library of Congress Classification     Law Kisii University Library Kisii University Library On Display 01/28/2026 111206   KQC 117 .E27 2017 000000020057 01/28/2026 1 01/28/2026 Long Loan Book
    Library of Congress Classification     Law Kisii University Library Kisii University Library On Display 01/28/2026 111207   KQC 117 .E27 2017 000000020058 01/28/2026 2 01/28/2026 Long Loan Book
    Library of Congress Classification     Law Kisii University Library Kisii University Library On Display 01/28/2026 111208   KQC 117 .E27 2017 000000020059 01/28/2026 3 01/28/2026 Long Loan Book
    Library of Congress Classification     Law Kisii University Library Kisii University Library On Display 01/28/2026 111209   KQC 117 .E27 2017 000000020060 01/28/2026 4 01/28/2026 Long Loan Book
    Library of Congress Classification     Law Kisii University Library Kisii University Library On Display 01/28/2026 111210   KQC 117 .E27 2017 000000019157 01/28/2026 5 01/28/2026 Long Loan Book